=LDR 00000nam 2200000 4500 =001 INLIS000000000013377 =005 20141216112311.0 =006 =007 =008 Ind =035 ##$$0010-061300000013377 =041 ##$$a Ind =082 ##$$a 631.45 =090 ##$$a 631.45, Suw b =100 ##$$a Suwardji =245 ##$$a Budidaya olah tanah konservasi, Suwardji =260 ##$$a 2004 $b Mataram =300 ##$$a xiv, 119 hlm., Ilus., 21 cm =650 ##$$a Tanah Pegawetan =850 ##$$a NBPNMAT